000 01217cam a22001814a 4500
005 20250605164120.0
008 250528s ||||||||||||||||||||||||d
035 _a18247
040 _aGR-AtMCL
_bgre
_dGR-AtMCL
_eAACR2
245 1 _aDying / Neither the Sun nor Death Can be looked at with a Steady Eye - La Rochefoucauld 1613-80
260 _bPenguin Books,
_c1982
300 _a224
520 _aA most valuable and timely book. It is Pragmatic, scholarly and humane without being sentimental. It is very readable and should prove extremely helpful to all concerned directly and indirectly with the care of the sick or dying. Editorial Forward, Introduction, Attitudes to Death, Fear of Death and Dying, Death No More, Acceptance of Death, The Dying, Moral Illness, Physical Distress in the Terminal Illness, Emotional Distress in the Terminal Illness, Awareness and Denial: Struggle and Acceptance, Care of the Dying, Treatment for the Dying, Speaking of Death with the Dying, Prolonging Life and Hastening Death, Who Care for the dying?, Mourning, Reactions to Bereavement, Mourning and Restitution, References, Index.
700 1 _aHinton John
_94530
942 _cBK
999 _c3620
_d3620